00681nam a22002177a 450000500170000000800410001704000090005804100080006708200200007510000170009510000150011224501380012726000430026530000290030865000190033765000230035665000240037965000260040370000170042970000170044620220420094355.0220420b ||||| |||| 00| 0 eng d cAloy aeng 223a294.3bNARP aNARAIN (A K) dC S Prasad aProceedings and papers of the second conference of the international association of Buddhist studies:bNalanda 17th-19th January 1980 aNalandabNava Nalanda Mahaviharac1980 aix,212 p.bHBc24x16 cm. aBasic Buddhism aTibetan Meditation aSamsara and Nirvana aBuddhist Art in China aNARAIN (A K) aPRASAD (C S)